| 000 | 01068cam a2200349 4500 | ||
|---|---|---|---|
| 001 | J84569 | ||
| 008 | 090401t1996 xxu||||| |||| 00| 0 eng d | ||
| 020 | _a0904237168 | ||
| 035 | _a(Sirsi) u78965 | ||
| 041 | _aeng | ||
| 050 |
_a658.2 _c18 |
||
| 110 |
_aBernard Williams Associates _93335 |
||
| 245 | _aFacilities economics incorporating premises audits | ||
| 250 | _a2nd ed. | ||
| 260 |
_aBromley _bBuilding Economics Bureau _c1996 |
||
| 300 |
_aca.500p. _c30cm. |
||
| 350 | _a69.95 | ||
| 520 | _aThis revised edition has the same ISBN (0904237168) as the first edtion, which it supersedes. Superseded by second edition (ISBN 0904237397) | ||
| 650 | _aBENCHMARKING | ||
| 650 | _aPROPERTY-COMMERCIAL PROPERTY | ||
| 650 | _aCOSTING | ||
| 650 | _aFACILITIES AUDIT | ||
| 650 | _aOPERATING COSTS | ||
| 650 | _aPREMISES AUDITS | ||
| 650 | _aPROPERTY DEVELOPMENT | ||
| 650 |
_aProperty management _96262 |
||
| 650 | _aRELOCATION | ||
| 650 | _aSPACE MANAGEMENT | ||
| 690 | _aMANAGEMENT-FACILITIES MANAGEMENT | ||
| 942 | _n0 | ||
| 948 | _c16/06/1997 | ||
| 999 |
_c96499 _d96499 |
||